Illés Endre /

Uložené v:
Podrobná bibliografia
Hlavný autor: Dersi, Tamás, 1929-1975
Médium: Kniha
Jazyk:Hungarian
Vydané: Budapest : Akadémiai Kiadó, 1977.
Vydanie:1. kiad.
ISBN: (brož.)
Fyzický popis: 243 s.
Tagy: Pridať tag
Žiadne tagy, Buďte prvý kto otaguje tento záznam!

MARC

LEADER 00000nam a2200000 a 4500
001 000435813
005 20130919174912.0
008 000706e1977 hu e hun d
020 |a (brož.)  |c Kčs 25,00 
040 |a SVKKK  |b slo  |c SVKKK  |e AACR2 
041 1 |a hun 
044 |a hu  |c HU 
100 1 |a Dersi, Tamás,  |d 1929-1975 
245 1 0 |a Illés Endre /  |c Tamás Dersi. 
250 |a 1. kiad. 
260 |a Budapest :  |b Akadémiai Kiadó,  |c 1977. 
300 |a 243 s. 
910 |a svkkk 
998 |a BK 
090 |g SCKHL  |k Sklad Hlavná 10 suterén  |a I.47823  |j 570579  |i 2720445870  |s Absenčne